|
|
|
|
| LEADER |
01607cas a2200241 a 4500 |
| 001 |
AALejournalIMF006743 |
| 008 |
230101c9999 xx r poo 0 0eng d |
| 020 |
|
|
|c 5.00 USD
|
| 020 |
|
|
|z 9781455208616
|
| 022 |
|
|
|a 1934-7685
|
| 040 |
|
|
|a BD-DhAAL
|c BD-DhAAL
|
| 110 |
2 |
|
|a International Monetary Fund.
|
| 245 |
1 |
0 |
|a Mongolia :
|b Fifth and Sixth Reviews under the Stand-By Arrangement and Rephasing of Purchases.
|
| 264 |
|
1 |
|a Washington, D.C. :
|b International Monetary Fund,
|c 2010.
|
| 300 |
|
|
|a 1 online resource (29 pages)
|
| 490 |
1 |
|
|a IMF Staff Country Reports
|
| 500 |
|
|
|a <strong>Off-Campus Access:</strong> No User ID or Password Required
|
| 500 |
|
|
|a <strong>On-Campus Access:</strong> No User ID or Password Required
|
| 506 |
|
|
|a Electronic access restricted to authorized BRAC University faculty, staff and students
|
| 520 |
3 |
|
|a Despite the negative impact of the severe winter on agriculture, other indicators are pointing to a strong recovery. Exports are growing rapidly, fueled by the rebound in copper prices and a rapid growth in coal exports. Rephasing of purchases by combining the fifth and sixth reviews is requested owing to the delay in completing the fifth review, and earlier-than-planned Board discussion of the sixth review. The sixth review is the final review. The fiscal responsibility law will help secure a lasting fiscal discipline.
|
| 538 |
|
|
|a Mode of access: Internet
|
| 830 |
|
0 |
|a IMF Staff Country Reports; Country Report ;
|v No. 2010/294
|
| 856 |
4 |
0 |
|z Full text available on IMF
|u http://elibrary.imf.org/view/journals/002/2010/294/002.2010.issue-294-en.xml
|z IMF e-Library
|